Capitales d'Asie - Retrouver les pays - Statistiques

Statistiques générales
  • Ce quiz a été pris 96 fois
    81 depuis la dernière actualisation
  • Le résultat moyen est 36 sur 48
Statistiques - réponses
Capitale Pays % Correct
Pékin Chine
95%
New Delhi Inde
95%
Bangkok Thaïlande
95%
Koweït Koweït
94%
Séoul Corée du Sud
92%
Abou Dabi Émirats arabes unis
92%
Jérusalem Israël
90%
Tokyo Japon
90%
Ankara Turquie
90%
Pyongyang Corée du Nord
89%
Bagdad Irak
89%
Singapour Singapour
89%
Kaboul Afghanistan
87%
Hanoï Viêt Nam
87%
Jakarta Indonésie
85%
Beyrouth Liban
85%
Manille Philippines
85%
Téhéran Iran
84%
Kuala Lumpur Malaisie
84%
Doha Qatar
84%
Damas Syrie
84%
Oulan-Bator Mongolie
81%
Riyad Arabie Saoudite
79%
Nicosie Chypre
79%
Sri Jayawardenepura Kotte Sri Lanka
77%
Katmandou Népal
76%
Islamabad Pakistan
76%
Phnom Penh Cambodge
73%
Bakou Azerbaïdjan
71%
Astana Kazakhstan
71%
Taipei Taïwan
71%
Tbilissi Géorgie
68%
Erevan Arménie
66%
Vientiane Laos
66%
Tachkent Ouzbékistan
66%
Dacca Bangladesh
65%
Sanaa Yémen
65%
Amman Jordanie
63%
Achgabat Turkménistan
63%
Naypyidaw Birmanie
60%
Bichkek Kirghizistan
60%
Malé Maldives
58%
Bandar Seri Begawan Brunei
56%
Manama Bahreïn
55%
Douchanbé Tadjikistan
55%
Dili Timor oriental
55%
Thimphou Bhoutan
50%
Mascate Oman
48%
Aucun quiz correspondant
Distribution des résultats
% des personnes avec chaque résultat
Percentile par nombre de réponses
Votre historique - résultats
Vous n’avez pas pris ce quiz depuis la dernière actualisation